15 Largest Cities in Europe with an Empty Map - Statistics

General Stats
  • This quiz has been taken 9,148 times
  • The average score is 13 of 14
Answers on the Map
Answers color-coded by a green-red scale on the quiz's map according to % correct below.
 
Answer Stats
Population City % Correct
4,500,000 Berlin
99%
14,400,000 London
99%
6,250,000 Madrid
99%
11,200,000 Paris
99%
3,600,000 Rome
99%
16,900,000 Moscow
98%
3,450,000 Athens
97%
4,650,000 Barcelona
97%
3,380,000 Kiev
94%
5,150,000 Milan
93%
5,450,000 Saint Petersburg
93%
14,300,000 Istanbul
92%
4,250,000 Naples
92%
4,850,000 Cologne / Düsseldorf
75%
No matching quizzes found
Score Distribution
Percent of People with Each Score
Percentile by Number Answered
Your Score History
You have not taken this quiz